[Event "Memorial Alekhine"]
[Site "Parigi/San Pietroburgo"]
[Date "21.04.2013"]
[Round "1"]
[White "Svidler, Peter"]
[Black "Gelfand, Boris"]
[Result "1/2-1/2"]
[WhiteTitle "GM"]
[BlackTitle "GM"]
[WhiteElo "2747"]
[BlackElo "2739"]
[WhiteFideId "4102142"]
[BlackFideId "2805677"]
[EventDate "2013.04.21"]

1. e4 c5 2. Nf3 Nc6 3. Bb5 e6 4. O-O Nge7 5. Re1 a6 6. Bf1 d5 7. exd5 Nxd5 8. d4
Nf6 9. Be3 Be7 10. dxc5 Qxd1 11. Rxd1 Ng4 12. Bf4 Bxc5 13. Bg3 h5 14. Rd2 h4 15.
Bxh4 Nxh2 16. Kxh2 Nd4 17. Rxd4 Bxd4 18. Nbd2 g5 19. g3 Bxb2 20. Rb1 Bf6 21. Ne4
gxh4 22. Nxf6+ Ke7 23. Ne4 hxg3+ 24. Kxg3 b5 25. c4 Bb7 26. Kf4 Rh5 27. Be2 Rc8
28. cxb5 axb5 29. Rxb5 Rxb5 30. Bxb5 Rc2 31. Nd4 Rxa2 32. f3 Bxe4 33. fxe4 Kf6
34. e5+ Kg7 35. Nf3 Ra5 36. Bd3 f6 37. exf6+ Kxf6 38. Ke3 Ra3 39. Ke4 Ra4+ 40.
Ke3 Ra3 41. Ke4 1/2-1/2

[Event "Memorial Alekhine"]
[Site "Parigi/San Pietroburgo"]
[Date "22.04.2013"]
[Round "2"]
[White "Fressinet, Laurent"]
[Black "Gelfand, Boris"]
[Result "1/2-1/2"]
[WhiteTitle "GM"]
[BlackTitle "GM"]
[WhiteElo "2706"]
[BlackElo "2739"]
[WhiteFideId "608742"]
[BlackFideId "2805677"]
[EventDate "2013.04.21"]

1. d4 Nf6 2. Nf3 g6 3. g3 d5 4. Bg2 Bg7 5. O-O O-O 6. c4 c6 7. Qa4 Nfd7 8. Qc2
dxc4 9. Qxc4 Nb6 10. Qc2 Na6 11. Nc3 Bg4 12. Rd1 Nb4 13. Qb1 Qc8 14. Bg5 N4d5
15. Qc1 Re8 16. Bh6 Nxc3 17. bxc3 Bxh6 18. Qxh6 Bxf3 19. Bxf3 e5 20. dxe5 Rxe5
21. Rd4 Qf8 22. Qf4 Rae8 23. Rad1 Qa3 24. Qh6 Qf8 25. Qf4 Qa3 26. Qh6 Qf8 1/2-1/2

[Event "Memorial Alekhine"]
[Site "Parigi/San Pietroburgo"]
[Date "23.04.2013"]
[Round "3"]
[White "Anand, Viswanathan"]
[Black "Aronian, Levon"]
[Result "1/2-1/2"]
[WhiteTitle "GM"]
[BlackTitle "GM"]
[WhiteElo "2783"]
[BlackElo "2809"]
[WhiteFideId "5000017"]
[BlackFideId "13300474"]
[EventDate "2013.04.21"]

1. e4 e5 2. Nf3 Nc6 3. Bb5 Nf6 4. d3 Bc5 5. c3 O-O 6. O-O Re8 7. Re1 a6 8. Ba4
b5 9. Bb3 d6 10. Nbd2 Bb6 11. Nf1 Ne7 12. Ng3 Ng6 13. h3 h6 14. d4 c5 15. dxe5
dxe5 16. Qxd8 Bxd8 17. a4 c4 18. Bc2 Ba5 19. axb5 axb5 20. Be3 Bb7 21. Ra2 Bc7
22. Rea1 Rxa2 23. Rxa2 Ra8 24. Rxa8+ Bxa8 25. Kf1 Ne7 26. Nd2 Kf8 27. Bc5 Nd7
28. Ba3 g6 29. f3 Ke8 30. b3 cxb3 31. Nxb3 Nc8 32. Bd3 Bc6 33. c4 bxc4 34. Bxc4
Ba4 35. Nc5 Nxc5 36. Bxc5 Nb6 37. Bxb6 Bxb6 38. Ne2 Ba5 39. Nc1 Ke7 40. Nd3 Bc3
41. g4 1/2-1/2

[Event "Memorial Alekhine"]
[Site "Parigi/San Pietroburgo"]
[Date "23.04.2013"]
[Round "3"]
[White "Svidler, Peter"]
[Black "Vitiugov, Nikita"]
[Result "1/2-1/2"]
[WhiteTitle "GM"]
[BlackTitle "GM"]
[WhiteElo "2747"]
[BlackElo "2712"]
[WhiteFideId "4102142"]
[BlackFideId "4152956"]
[EventDate "2013.04.21"]

1. e4 e6 2. d4 d5 3. Nc3 Bb4 4. e5 c5 5. a3 Bxc3+ 6. bxc3 Ne7 7. Qg4 cxd4 8.
Qxg7 Rg8 9. Qxh7 Qc7 10. Ne2 Nbc6 11. f4 dxc3 12. Nxc3 Nd4 13. Bb2 Bd7 14. O-O-O
Qb6 15. Qd3 Ndf5 16. Nb5 Rc8 17. g3 a6 18. Nd4 Ba4 19. Rd2 Rc4 20. Bg2 Nxd4 21.
Bxd4 Qb5 22. Bf1 Qc6 23. Qe2 Nf5 24. Bb2 Rh8 25. Qf2 Nxg3 26. Bxc4 Nxh1 27. Qa7
Qxc4 28. Qb8+ Kd7 29. Qxh8 Bxc2 30. Rxc2 Qf1+ 31. Kd2 Qf2+ 32. Kd3 Qf3+ 33. Kd2
Qf2+ 34. Kd3 Qf3+ 35. Kd2 1/2-1/2

[Event "Memorial Alekhine"]
[Site "Parigi/San Pietroburgo"]
[Date "24.04.2013"]
[Round "4"]
[White "Vitiugov, Nikita"]
[Black "Gelfand, Boris"]
[Result "1/2-1/2"]
[WhiteTitle "GM"]
[BlackTitle "GM"]
[WhiteElo "2712"]
[BlackElo "2739"]
[WhiteFideId "4152956"]
[BlackFideId "2805677"]
[EventDate "2013.04.21"]

1. Nf3 c5 2. c4 Nc6 3. Nc3 g6 4. e3 Nf6 5. d4 cxd4 6. exd4 d5 7. cxd5 Nxd5 8.
Bc4 Nxc3 9. bxc3 Bg7 10. O-O O-O 11. Re1 Qa5 12. Bb2 Bg4 13. h3 Bxf3 14. Qxf3
Rac8 15. Bb3 e6 16. Rad1 Qa6 17. d5 Ne5 18. Rxe5 Bxe5 19. dxe6 fxe6 20. Qe3 Bg7
21. Bxe6+ Kh8 22. Bxc8 Qxa2 23. Qd2 Rxc8 24. Qd7 Rf8 25. Qxb7 a5 26. Ra1 Qc4 27.
Rxa5 Qe2 28. f4 Qe3+ 29. Kh1 Qxf4 30. c4 Qf1+ 31. Kh2 Qf4+ 32. Kh1 Qf1+ 33. Kh2
Qf4+ 1/2-1/2

[Event "Memorial Alekhine"]
[Site "Parigi/San Pietroburgo"]
[Date "24.04.2013"]
[Round "4"]
[White "Aronian, Levon"]
[Black "Svidler, Peter"]
[Result "1-0"]
[WhiteTitle "GM"]
[BlackTitle "GM"]
[WhiteElo "2809"]
[BlackElo "2747"]
[WhiteFideId "13300474"]
[BlackFideId "4102142"]
[EventDate "2013.04.21"]

1. d4 Nf6 2. c4 g6 3. Nc3 d5 4. Nf3 Bg7 5. cxd5 Nxd5 6. e4 Nxc3 7. bxc3 c5 8.
Rb1 O-O 9. Be2 b6 10. O-O Qc7 11. Bg5 e6 12. Qd2 Bb7 13. Qe3 Nd7 14. Bf4 e5 15.
Bg3 Rae8 16. d5 f5 17. Bh4 h6 18. exf5 gxf5 19. Rfd1 Qd6 20. Nd2 Qg6 21. Qg3
Qxg3 22. hxg3 Bf6 23. Bb5 Re7 24. Bxd7 Rxd7 25. Bxf6 Rxf6 26. c4 Rg7 27. Rb3 Rg4
28. Rc1 Rd4 29. Nf3 Re4 30. Ra3 a6 31. Rb3 b5 32. Rb2 Rf7 33. cxb5 axb5 34. Rxc5
b4 35. d6 Rd7 36. Rd2 1-0

[Event "Memorial Alekhine"]
[Site "Parigi/San Pietroburgo"]
[Date "25.04.2013"]
[Round "5"]
[White "Adams, Michael"]
[Black "Vitiugov, Nikita"]
[Result "1/2-1/2"]
[WhiteTitle "GM"]
[BlackTitle "GM"]
[WhiteElo "2727"]
[BlackElo "2712"]
[WhiteFideId "400041"]
[BlackFideId "4152956"]
[EventDate "2013.04.21"]

1. e4 c5 2. Nf3 e6 3. g3 Nc6 4. Bg2 Nf6 5. Qe2 Be7 6. e5 Nd5 7. c4 Ndb4 8. d3 d6
9. a3 Na6 10. O-O dxe5 11. Nxe5 Nd4 12. Qd1 O-O 13. Nc3 Nc7 14. Nf3 Nc6 15. Bf4
g5 16. Be3 f5 17. d4 f4 18. d5 exd5 19. cxd5 fxe3 20. dxc6 Qxd1 21. Raxd1 exf2+
22. Rxf2 bxc6 23. Ne5 Rxf2 24. Kxf2 Be6 25. Nxc6 Rf8+ 26. Kg1 Bf6 27. Rd2 a6 28.
Ne4 c4 29. Nxf6+ Rxf6 30. Rd6 Kg7 31. Ne5 c3 32. bxc3 Bf5 33. Rd2 Nb5 34. c4
Nxa3 35. g4 Be6 36. Bd5 Bxd5 37. Rxd5 Rf4 38. h3 Nxc4 39. Nxc4 Rxc4 40. Rxg5+
Kf6 41. Ra5 1/2-1/2

[Event "Memorial Alekhine"]
[Site "Parigi/San Pietroburgo"]
[Date "25.04.2013"]
[Round "5"]
[White "Gelfand, Boris"]
[Black "Aronian, Levon"]
[Result "1/2-1/2"]
[WhiteTitle "GM"]
[BlackTitle "GM"]
[WhiteElo "2739"]
[BlackElo "2809"]
[WhiteFideId "2805677"]
[BlackFideId "13300474"]
[EventDate "2013.04.21"]

1. d4 d5 2. c4 c6 3. Nf3 Nf6 4. e3 a6 5. Nc3 e6 6. c5 Nbd7 7. Qc2 b6 8. cxb6
Nxb6 9. Bd2 c5 10. Rc1 cxd4 11. exd4 Bd6 12. Bd3 O-O 13. O-O Bb7 14. Na4 Nxa4
15. Qxa4 a5 16. Rc2 Ne4 17. Be3 f5 18. Rfc1 Rb8 19. Bd2 Nxd2 20. Nxd2 Bc8 21.
Bb5 Rf7 22. Nf3 Rfb7 23. g3 h6 24. Rc6 Kh7 25. a3 Rc7 26. Rxc7 Bxc7 27. h4 Kg8
28. h5 f4 29. Kg2 fxg3 30. fxg3 e5 31. Qc2 Rxb5 32. Qxc7 Rxb2+ 33. Kg1 Qxc7 34.
Rxc7 Rb1+ 35. Kf2 Rb2+ 36. Ke1 Bg4 37. Nxe5 Re2+ 38. Kf1 Re4 39. Rc5 Rxd4 40.
Nxg4 Rxg4 41. Rxd5 1/2-1/2

[Event "Memorial Alekhine"]
[Site "Parigi/San Pietroburgo"]
[Date "28.04.2013"]
[Round "6"]
[White "Aronian, Levon"]
[Black "Adams, Michael"]
[Result "1/2-1/2"]
[WhiteTitle "GM"]
[BlackTitle "GM"]
[WhiteElo "2809"]
[BlackElo "2727"]
[WhiteFideId "13300474"]
[BlackFideId "400041"]
[EventDate "2013.04.21"]

1. d4 Nf6 2. c4 e6 3. Nf3 d5 4. Nc3 Be7 5. Bg5 h6 6. Bh4 O-O 7. e3 b6 8. Be2 Bb7
9. Bxf6 Bxf6 10. cxd5 exd5 11. b4 c6 12. O-O a5 13. b5 c5 14. Ne5 Qc7 15. Ng4
Nd7 16. Bf3 Rad8 17. Rc1 Bg5 18. Bxd5 Bxd5 19. Nxd5 Qd6 20. Nc3 cxd4 21. f4 Bf6
22. Ne2 Qe6 23. Nxd4 Bxd4 24. exd4 Qxa2 25. Rc6 Qd5 26. Nxh6+ gxh6 27. Rxh6 Kg7
28. Rh5 f5 29. Rg5+ Kf7 30. Qh5+ Ke6 31. Rc1 Nf6 32. Rg6 Qxd4+ 33. Kh1 Qd2 34.
Rg1 Rh8 35. Qg5 Qc3 36. Rf1 Rdg8 37. g4 fxg4 38. Rxf6+ Qxf6 39. Re1+ Kf7 40.
Qd5+ Kf8 41. Re5 Rxh2+ 42. Kxh2 Qxf4+ 43. Kg1 Qg3+ 44. Kf1 Qf3+ 45. Qxf3+ gxf3
46. Re6 Rg2 47. Rxb6 Ke7 48. Rc6 Rb2 49. Rc3 Rxb5 50. Rxf3 Re5 51. Ra3 Kd6 52.
Kf2 Kc6 53. Re3 Rd5 54. Ke2 a4 55. Ra3 Kb5 56. Rd3 Rc5 57. Kd2 Kb4 58. Rd8 a3
59. Rb8+ Rb5 60. Rxb5+ Kxb5 61. Kc1 a2 62. Kb2 a1=N 1/2-1/2

[Event "Memorial Alekhine"]
[Site "Parigi/San Pietroburgo"]
[Date "28.04.2013"]
[Round "6"]
[White "Kramnik, Vladimir"]
[Black "Anand, Viswanathan"]
[Result "1/2-1/2"]
[WhiteTitle "GM"]
[BlackTitle "GM"]
[WhiteElo "2801"]
[BlackElo "2783"]
[WhiteFideId "4101588"]
[BlackFideId "5000017"]
[EventDate "2013.04.21"]

1. d4 Nf6 2. c4 e6 3. Nf3 d5 4. Nc3 c6 5. Bg5 h6 6. Bxf6 Qxf6 7. e3 g6 8. Be2
Bg7 9. e4 O-O 10. e5 Qd8 11. O-O c5 12. dxc5 dxc4 13. Bxc4 Nd7 14. Ne4 Nxe5 15.
Nxe5 Bxe5 16. Qe2 Qc7 17. g3 b6 18. Rac1 bxc5 19. Bd3 Qb6 20. Nxc5 Bd4 21. b4
Qxb4 22. Be4 Rb8 23. Rb1 Qxb1 24. Rxb1 Rxb1+ 25. Bxb1 Bxc5 26. Qe5 Bb6 27. Be4
Bd7 28. h4 Rc8 29. h5 gxh5 30. Qf6 Bc6 31. Bd3 Rd8 32. Bc2 Rd2 33. Bh7+ Kxh7 34.
Qxf7+ Kh8 35. Qf8+ Kh7 36. Qf7+ Kh8 37. Qf6+ Kh7 38. Qe7+ Kh8 39. Qf6+ Kh7 1/2-1/2

[Event "Memorial Alekhine"]
[Site "Parigi/San Pietroburgo"]
[Date "28.04.2013"]
[Round "6"]
[White "Fressinet, Laurent"]
[Black "Vitiugov, Nikita"]
[Result "1/2-1/2"]
[WhiteTitle "GM"]
[BlackTitle "GM"]
[WhiteElo "2706"]
[BlackElo "2712"]
[WhiteFideId "608742"]
[BlackFideId "4152956"]
[EventDate "2013.04.21"]

1. Nf3 c5 2. c4 Nf6 3. Nc3 g6 4. d4 cxd4 5. Nxd4 d5 6. cxd5 Nxd5 7. Ndb5 Nxc3 8.
Qxd8+ Kxd8 9. Nxc3 Bg7 10. Bd2 Be6 11. g3 Nc6 12. Bg2 Ke8 13. O-O f5 14. Na4 Kf7
15. Bxc6 bxc6 16. Bc3 Bxc3 17. Nxc3 Rab8 18. Na4 c5 19. Rfc1 Rhc8 20. Rc2 Rb4
21. Nxc5 Rb5 22. Rac1 Bxa2 23. f4 Bb1 24. Rxb1 Rcxc5 25. Rxc5 Rxc5 26. Ra1 Rc2
27. Kf2 Rxb2 28. Rxa7 Rb8 29. Kf3 Rb3+ 30. Kf2 Rb8 31. Kf3 Rb3+ 32. Kf2 Rb8 1/2-1/2

[Event "Memorial Alekhine"]
[Site "Parigi/San Pietroburgo"]
[Date "29.04.2013"]
[Round "7"]
[White "Vitiugov, Nikita"]
[Black "Aronian, Levon"]
[Result "1/2-1/2"]
[WhiteTitle "GM"]
[BlackTitle "GM"]
[WhiteElo "2712"]
[BlackElo "2809"]
[WhiteFideId "4152956"]
[BlackFideId "13300474"]
[EventDate "2013.04.21"]

1. d4 d5 2. c4 c6 3. cxd5 cxd5 4. Bf4 Nc6 5. e3 Nf6 6. Nc3 Bf5 7. Qb3 Na5 8.
Qa4+ Bd7 9. Qc2 e6 10. Bd3 Bb4 11. Nf3 Nh5 12. Bg5 f6 13. g4 fxg5 14. gxh5 Qf6
15. Ne5 Nc6 16. Nxc6 Bxc6 17. Bxh7 O-O-O 18. Bg6 Kb8 19. a3 Bxc3+ 20. bxc3 Rc8
21. Rb1 Be8 22. Bxe8 Rhxe8 23. Rb3 Qf3 24. Rg1 Qxh5 25. Qe2 Rh8 26. Qa6 Qf7 27.
Qd6+ Ka8 28. Rxg5 Rh3 29. Qe5 g6 30. Rg2 Rf3 31. Qg5 Rg8 32. h4 Qc7 33. Qg4 Rgf8
34. Qxe6 Qc4 35. Rb2 Qxc3+ 36. Rd2 Qc1+ 37. Ke2 Qc4+ 38. Rd3 a6 39. Qe7 Qc2+ 40.
Rd2 Qc4+ 41. Rd3 1/2-1/2

[Event "Memorial Alekhine"]
[Site "Parigi/San Pietroburgo"]
[Date "29.04.2013"]
[Round "7"]
[White "Svidler, Peter"]
[Black "Kramnik, Vladimir"]
[Result "1/2-1/2"]
[WhiteTitle "GM"]
[BlackTitle "GM"]
[WhiteElo "2747"]
[BlackElo "2801"]
[WhiteFideId "4102142"]
[BlackFideId "4101588"]
[EventDate "2013.04.21"]

1. d4 Nf6 2. c4 e6 3. Nc3 Bb4 4. a3 Bxc3+ 5. bxc3 c5 6. e3 O-O 7. Bd3 Nc6 8. Ne2
b6 9. e4 Ne8 10. Be3 Ba6 11. Ng3 Na5 12. Qe2 Rc8 13. d5 f5 14. exf5 exd5 15.
cxd5 Bxd3 16. Qxd3 Qh4 17. O-O Qc4 18. Rad1 Qxd3 19. Rxd3 Nd6 20. Bf4 Nxf5 21.
Ne4 Nc4 22. f3 Nb2 23. Rd2 Nc4 24. Rd3 Rce8 25. a4 h6 26. h3 Nb2 27. Rd2 Nxa4
28. c4 a6 29. Rb1 Kh7 30. Ra2 Rxe4 31. fxe4 Nc3 32. Rxb6 Nxa2 33. exf5 Rxf5 34.
Bd2 Rf6 35. Rb7 d6 36. Ra7 Nb4 37. Bc3 Rg6 38. Bxb4 cxb4 39. Rxa6 Rf6 40. Rb6
Rf4 41. Rxb4 Kg6 42. Rb6 Rxc4 43. Rxd6+ Kf5 44. Rd7 g5 45. Rh7 1/2-1/2

[Event "Memorial Alekhine"]
[Site "Parigi/San Pietroburgo"]
[Date "30.04.2013"]
[Round "8"]
[White "Anand, Viswanathan"]
[Black "Svidler, Peter"]
[Result "1/2-1/2"]
[WhiteTitle "GM"]
[BlackTitle "GM"]
[WhiteElo "2783"]
[BlackElo "2747"]
[WhiteFideId "5000017"]
[BlackFideId "4102142"]
[EventDate "2013.04.21"]

1. e4 e5 2. Nf3 Nc6 3. Bb5 a6 4. Ba4 Nf6 5. O-O Be7 6. d3 b5 7. Bb3 d6 8. a3 O-O
9. Nc3 Be6 10. Nd5 Nd4 11. Nxd4 exd4 12. Nxf6+ Bxf6 13. Bxe6 fxe6 14. a4 c5 15.
Qg4 Qd7 16. axb5 axb5 17. Bd2 c4 18. Bb4 Ra4 19. Rxa4 bxa4 20. dxc4 Rc8 21. Qg3
Rxc4 22. Bxd6 Rxc2 23. e5 Be7 24. Qd3 Rxb2 25. Qxd4 a3 26. h4 Rb8 27. Ra1 Bxd6
28. Qxd6 Qxd6 29. exd6 Rd8 30. Rxa3 Rxd6 31. Ra7 Kf8 32. Ra8+ Kf7 33. Ra7+ Kf8
34. Ra8+ Kf7 35. Ra7+ 1/2-1/2

[Event "Memorial Alekhine"]
[Site "Parigi/San Pietroburgo"]
[Date "30.04.2013"]
[Round "8"]
[White "Kramnik, Vladimir"]
[Black "Gelfand, Boris"]
[Result "1/2-1/2"]
[WhiteTitle "GM"]
[BlackTitle "GM"]
[WhiteElo "2801"]
[BlackElo "2739"]
[WhiteFideId "4101588"]
[BlackFideId "2805677"]
[EventDate "2013.04.21"]

1. Nf3 c5 2. c4 Nc6 3. d4 cxd4 4. Nxd4 Nf6 5. Nc3 e6 6. g3 Qb6 7. Ndb5 Ne5 8.
Bg2 a6 9. Na4 Qa5+ 10. Nbc3 Nxc4 11. b3 Nb6 12. Nxb6 Qxb6 13. O-O Be7 14. Na4
Qd8 15. Be3 d5 16. Bb6 Qd6 17. Rc1 Bd7 18. Bc7 Qa3 19. Nb6 O-O 20. Nxa8 Rxa8 21.
Rc2 Bc6 22. Qc1 Qxc1 23. Rfxc1 Ba3 24. Rb1 a5 25. Be5 Kf8 26. e3 Ke7 27. Bd4 g6
28. Bc5+ Bxc5 29. Rxc5 Nd7 30. Rc2 f5 31. f3 Nf6 32. h4 Kd6 33. Kf2 e5 34. Rd1
e4 35. Rd4 exf3 36. Bxf3 Ke5 37. Ke1 h6 38. g4 g5 39. gxf5 Kxf5 40. a3 Ke5 41.
hxg5 hxg5 42. Kf2 Rf8 43. Kg3 Re8 44. Rc3 Bd7 45. Bg2 g4 46. Rcd3 Be6 47. b4
axb4 48. Rxb4 Re7 49. Rdb3 Bc8 50. Rc3 Bf5 51. a4 Nh5+ 52. Kf2 g3+ 53. Kg1 Nf6
54. a5 Be4 55. Rc8 Rh7 56. Rb6 Bxg2 57. Kxg2 Ne4 58. Kg1 Nd6 59. Rd8 Ne4 60. Rb8
Nd6 61. Kg2 Rh2+ 62. Kxg3 Ra2 63. Kf3 Rxa5 64. Rd8 Ne4 65. Re8+ Kf5 66. Rf8+ Ke5
67. Rh8 Kf5 68. Rxb7 Ng5+ 69. Kg3 Ne4+ 70. Kh4 Ra4 71. Rf8+ Ke5 72. Rb6 Ra3 73.
Kg4 Rxe3 1/2-1/2

[Event "Memorial Alekhine"]
[Site "Parigi/San Pietroburgo"]
[Date "01.05.2013"]
[Round "9"]
[White "Adams, Michael"]
[Black "Kramnik, Vladimir"]
[Result "0-1"]
[WhiteTitle "GM"]
[BlackTitle "GM"]
[WhiteElo "2727"]
[BlackElo "2801"]
[WhiteFideId "400041"]
[BlackFideId "4101588"]
[EventDate "2013.04.21"]

1. e4 e5 2. Nf3 Nc6 3. Bb5 Nf6 4. d3 Bc5 5. Nbd2 d6 6. O-O O-O 7. Bxc6 bxc6 8.
h3 h6 9. Re1 Re8 10. Nf1 d5 11. exd5 Qxd5 12. Be3 Bf8 13. Bd2 e4 14. dxe4 Nxe4
15. Ng3 Bb7 16. Bf4 Nd6 17. b3 c5 18. Qxd5 Bxd5 19. c4 Bxf3 20. gxf3 a5 21. Rxe8
Nxe8 22. a4 Rb8 23. Re1 Nd6 24. Re3 g5 25. Be5 Kh7 26. Rd3 Kg6 27. Ne4 Ne8 28.
Kg2 f6 29. Bb2 f5 30. Ng3 Bd6 31. Kf1 h5 32. Kg2 h4 33. Nf1 Nf6 34. Bxf6 Kxf6
35. Ne3 Ke6 36. Nd5 f4 37. Kf1 Be5 38. Ke2 c6 39. Nc3 Rxb3 40. Ne4 Rb4 41. Nxc5+
Kf5 42. Rd8 Rxc4 43. Rf8+ Kg6 44. Ne4 Rxa4 45. Rg8+ Bg7 46. Rc8 Rc4 47. Kd3 Rc1
48. Kd2 Rc4 49. Kd3 Rc1 50. Kd2 Bb2 51. Ra8 Ra1 52. Ra6 a4 53. Rxc6+ Kh5 54. Nd6
Bf6 55. Nf5 Kg6 56. Nd6 Be5 57. Nc4+ Bf6 58. Nd6 Ra2+ 59. Kc1 Be5 60. Nc4+ Bf6
61. Nd6 Bh8 62. Ra6 a3 63. Kd1 Bb2 64. Kc2 Bf6+ 65. Kd1 Rxf2 66. Rxa3 Rh2 67.
Ra6 Rxh3 68. Ne4 Rxf3 69. Rxf6+ Kh5 70. Rf5 Rd3+ 71. Kc2 Rg3 72. Rf8 h3 73. Rh8+
Kg4 74. Nf2+ Kf3 75. Nxh3 Kg2 0-1

[Event "Memorial Alekhine"]
[Site "Parigi/San Pietroburgo"]
[Date "01.05.2013"]
[Round "9"]
[White "Svidler, Peter"]
[Black "Fressinet, Laurent"]
[Result "1/2-1/2"]
[WhiteTitle "GM"]
[BlackTitle "GM"]
[WhiteElo "2747"]
[BlackElo "2706"]
[WhiteFideId "4102142"]
[BlackFideId "608742"]
[EventDate "2013.04.21"]

1. e4 e5 2. Nf3 Nc6 3. Bb5 Nf6 4. d3 Bc5 5. c3 O-O 6. O-O Re8 7. Qe2 a6 8. Ba4
Bf8 9. Rd1 b5 10. Bc2 Bb7 11. Bg5 h6 12. Bh4 d6 13. a4 Nb8 14. Na3 c6 15. d4
exd4 16. cxd4 Nbd7 17. e5 Qc7 18. Bg3 c5 19. axb5 cxd4 20. exd6 Bxd6 21. Qc4
Bxg3 22. hxg3 Qxc4 23. Nxc4 Bxf3 24. gxf3 axb5 25. Nd6 Rxa1 26. Rxa1 Re2 27.
Ra8+ Nf8 28. Rc8 d3 29. Bxd3 Rd2 30. Nf5 Rxd3 31. Ne7+ Kh7 32. Rxf8 Rxf3 33.
Rxf7 Rb3 34. Nc6 Rxb2 35. Nd4 Kg8 36. Rb7 Ne4 37. Rxb5 Rxb5 38. Nxb5 Kf7 39. Kg2
Nf6 40. Nd4 g6 1/2-1/2